| 000 -CABECERA |
| fixed length control field |
01525nam a22002897i 4500 |
| 003 - IDENTIFICADOR DEL NÚMERO DE CONTROL |
| control field |
AR-CdUCM |
| 008 - DATOS DE LONGITUD FIJA--INFORMACIÓN GENERAL |
| fixed length control field |
260422b20192019pe d|||| |||| 00| 0 spa d |
| 020 ## - NÚMERO INTERNACIONAL ESTÁNDAR DEL LIBRO |
| ISBN |
978-612-304-583-8 |
| 040 ## - FUENTE DE LA CATALOGACIÓN |
| Agencia/entidad que catalogó originalmente la obra |
MUNICIPALIDAD PROVINCIAL DEL CUSCO |
| Entidad que transcribió la catalogación |
BIBLIOTECA MUNICIPAL DEL CUSCO |
| 082 ## - NÚMERO DE LA CLASIFICACIÓN DECIMAL DEWEY |
| No. de Clasificación |
629.892 |
| Notacion interna |
O64 |
| 100 ## - ENTRADA PRINCIPAL--NOMBRE DE PERSONA |
| Nombre Personal |
Orellano Benancio, Lizbardo |
| 245 ## - MENCIÓN DE TÍTULO |
| Título |
Arduino : |
| Resto del título |
Sensores, Actuadores y Robot Soccer / |
| 260 ## - PUBLICACIÓN, DISTRIBUCIÓN, ETC. |
| Lugar de publicación, distribución, etc. |
Lima, Perú : |
| Nombre de la editorial, distribuidor, etc. |
Empresa Editora Macro E.I.R.L. |
| Fecha de publicación, distribución, etc. |
2019 |
| 300 ## - DESCRIPCIÓN FÍSICA |
| Nº de Páginas Extensión |
101 páginas. : |
| Dimensiones |
17,5x25 cm. |
| 500 ## - NOTA GENERAL |
| Bibliografía |
Bibliografía : página 103 |
| 505 ## - NOTA DE CONTENIDO CON FORMATO |
| Nota de contenido formateada |
Instrumentos de medición, equipos y dispositivos electrónicos comerciales y simulados -- Diagramas de flujos y programación de entradas digitales con Arduino -- Las entradas analógicas y los sensores de temperatura -- El sensor de gas simulado -- Simulación de salidas analógicas con PWM y el control de servomotores -- El sonido, el buzzer y el sensor ultrasónico simulado -- Los periféricos y la pantalla LCD -- Dispositivos y módulos de potencia con un Arduino real -- Comunicación inalámbrica y uso del módulo Bluetooth -- Proyecto final de implementación, configuración y programación de un robot soccer |
| 650 ## - PUNTO DE ACCESO ADICIONAL DE MATERIA--TÉRMINO DE MATERIA |
| Descriptor |
Robótica |
| 9 (RLIN) |
52637 |
| 650 ## - PUNTO DE ACCESO ADICIONAL DE MATERIA--TÉRMINO DE MATERIA |
| Descriptor |
Sensores |
| 9 (RLIN) |
52645 |
| 650 ## - PUNTO DE ACCESO ADICIONAL DE MATERIA--TÉRMINO DE MATERIA |
| Descriptor |
Actuadores |
| 9 (RLIN) |
52646 |
| 650 ## - PUNTO DE ACCESO ADICIONAL DE MATERIA--TÉRMINO DE MATERIA |
| Descriptor |
Generador de funciones |
| 9 (RLIN) |
52647 |
| 650 ## - PUNTO DE ACCESO ADICIONAL DE MATERIA--TÉRMINO DE MATERIA |
| Descriptor |
Los chips |
| 9 (RLIN) |
52648 |
| 650 ## - PUNTO DE ACCESO ADICIONAL DE MATERIA--TÉRMINO DE MATERIA |
| Descriptor |
La app |
| 9 (RLIN) |
52649 |
| 856 ## - LOCALIZACIÓN Y ACCESO ELECTRÓNICOS |
| Dirección electrónica |
www.editorialmacro.com |
| 942 ## - ELEMENTOS DE PUNTO DE ACCESO ADICIONAL (KOHA) |
| Fuente de clasificación |
|
| Tipo de item |
Libros-BMC |
| 945 ## - PROCESAMIENTO DE INFORMACIÓN LOCAL (OCLC) |
| Catalogador |
esh |
| AAAA-MM-DD - Fecha de ingreso o modificacion |
22-04-2026 |